My friend Pavarotti / (Record no. 200426023)
[ view plain ]
| 000 -LEADER | |
|---|---|
| fixed length control field | 00933cam a2200313 i 4500 |
| 003 - CONTROL NUMBER IDENTIFIER | |
| control field | TR-AnTOB |
| 005 - DATE AND TIME OF LATEST TRANSACTION | |
| control field | 20190322123539.0 |
| 008 - FIXED-LENGTH DATA ELEMENTS--GENERAL INFORMATION | |
| fixed length control field | 160303s1992 enkam k 000 0beng d |
| 020 ## - INTERNATIONAL STANDARD BOOK NUMBER | |
| International Standard Book Number | 0711932441 |
| 040 ## - CATALOGING SOURCE | |
| Original cataloging agency | NN |
| Transcribing agency | TR-AnTOB |
| Modifying agency | ITU |
| -- | TR-AnTOB |
| Description conventions | rda |
| Language of cataloging | eng |
| 041 ## - LANGUAGE CODE | |
| Language code of text/sound track or separate title | İngilizce |
| 049 ## - LOCAL HOLDINGS (OCLC) | |
| Holding library | MUSI |
| 050 00 - LIBRARY OF CONGRESS CALL NUMBER | |
| Classification number | ML420 |
| Item number | .B12 |
| -- | 1992 |
| 090 ## - LOCALLY ASSIGNED LC-TYPE CALL NUMBER (OCLC); LOCAL CALL NUMBER (RLIN) | |
| Classification number (OCLC) (R) ; Classification number, CALL (RLIN) (NR) | ML420 |
| Local cutter number (OCLC) ; Book number/undivided call number, CALL (RLIN) | .B12 1992 |
| 100 1# - MAIN ENTRY--PERSONAL NAME | |
| Personal name | Bonvicini, Candido, |
| -- | author. |
| 245 10 - TITLE STATEMENT | |
| Title | My friend Pavarotti / |
| Statement of responsibility, etc. | Candido Bonvicini. |
| 264 ## - PRODUCTION, PUBLICATION, DISTRIBUTION, MANUFACTURE, AND COPYRIGHT NOTICE | |
| Place of production, publication, distribution, manufacture | London : |
| Name of producer, publisher, distributor, manufacturer | Omnibus Press, |
| Date of production, publication, distribution, manufacture, or copyright notice | 1992. |
| 300 ## - PHYSICAL DESCRIPTION | |
| Extent | 202 pages, 14 pages plates. : |
| Other physical details | Illustrations ; |
| Dimensions | 24 cm. |
| 336 ## - CONTENT TYPE | |
| Content type term | Text |
| Content type code | txt |
| Source | rdacontent. |
| 337 ## - MEDIA TYPE | |
| Media type term | Unmediated |
| Media type code | n |
| Source | rdamedia. |
| 338 ## - CARRIER TYPE | |
| Carrier type term | Volume |
| Carrier type code | nc |
| Source | rdacarrier. |
| 500 ## - GENERAL NOTE | |
| General note | BORUSAN donation. |
| 590 ## - LOCAL NOTE (RLIN) | |
| Local note | Donated by Nermin Çaker. |
| 600 10 - SUBJECT ADDED ENTRY--PERSONAL NAME | |
| Personal name | Pavarotti, Luciano. |
| 650 #0 - SUBJECT ADDED ENTRY--TOPICAL TERM | |
| Topical term or geographic name entry element | Tenors (Singers) |
| General subdivision | Biography. |
| 740 1# - ADDED ENTRY--UNCONTROLLED RELATED/ANALYTICAL TITLE | |
| Uncontrolled related/analytical title | Pavarotti. |
| 942 ## - ADDED ENTRY ELEMENTS (KOHA) | |
| Source of classification or shelving scheme | Library of Congress Classification |
| Koha item type | Book |
| Withdrawn status | Lost status | Source of classification or shelving scheme | Not for loan | Collection code | Home library | Current library | Shelving location | Date acquired | Source of acquisition | Cost, normal purchase price | Total Checkouts | Full call number | Barcode | Date last seen | Copy number | Date shelved | Koha item type |
|---|---|---|---|---|---|---|---|---|---|---|---|---|---|---|---|---|---|
| Library of Congress Classification | Ödünç Verilebilir / Available | Genel Koleksiyon | Merkez Kütüphane | Merkez Kütüphane | Genel Koleksiyon / Main Collection | 27/08/2015 | Bağış / Donation | 0.01 | ML420 .B12 1992 | 0052179 | 22/02/2017 | 1 | 22/02/2017 | Book |
